| 000 | 00721cam a22002531 4500 | ||
|---|---|---|---|
| 001 | sa 67004077 | ||
| 003 | DLC | ||
| 005 | 20260227112343.0 | ||
| 008 | 840809s1966 pk ac 000 0 eng | ||
| 010 | _asa 67004077 | ||
| 025 | _aPL480:P-E-1090 | ||
| 035 | _a(OCoLC)11037014 | ||
| 040 |
_aDLC _cNcWsW _dDLC |
||
| 042 | _apremarc | ||
| 050 | 0 | 0 |
_aDS383.5.I5 _bG45 |
| 082 | _a954.9/04 | ||
| 100 | 1 | _aGhaznawi, Khalid. | |
| 245 | 1 | 0 | _aStory of Indian aggressions against Pakistan. |
| 250 | _a[1st ed.] | ||
| 260 |
_aLahore, _bNational Book House _c[1966] |
||
| 300 |
_a328 p. _billus., ports. (part col.) _c21 cm. |
||
| 651 | 0 |
_aPakistan _xForeign relations _zIndia. |
|
| 651 | 0 |
_aIndia _xForeign relations _zPakistan. |
|
| 999 |
_c74249 _d74249 |
||